| 000 | 00937nac a2200289 a 4500 | ||
|---|---|---|---|
| 003 | Co-PeBPM | ||
| 005 | 20241207212019.0 | ||
| 007 | ta | ||
| 008 | 241207s1988 ck |||| |||| 00| 0 spa d | ||
| 020 | _a958601200X | ||
| 040 |
_aCo-PeBPM _bspa _cCo-PeBPM _erda |
||
| 041 | _aspa | ||
| 082 | 0 | 4 |
_a303.64 V436d _222 |
| 100 | 1 | 0 |
_aVélez de Piedrahita, Roció _eautora |
| 245 | 1 | 0 |
_aEl dialogo y la Paz _b: Mi perspectiva _c/ Rocío Vélez de Piedrahita |
| 250 | _aprimera edición | ||
| 260 |
_aBogotá, Colombia _b: Tercer Mundo Editores _c, 1988 |
||
| 300 |
_a229 páginas _c21 centímetros |
||
| 490 | _aPeriodismo | ||
| 500 | _aIncluye índice | ||
| 650 | 1 | 4 |
_aTratados de Paz _2LEMB |
| 650 | 1 | 4 |
_aPaz _2LEMB _zColombia |
| 650 | 1 | 4 |
_aViolencia _2LEMB _zColombia |
| 651 | 1 | 4 |
_aColombia _2LEMB _xPolítica y gobierno |
| 942 |
_2ddc _cBK _n0 |
||
| 999 |
_c60420 _d60420 |
||